| 000 | 01672nam0a2200289 4500 | ||
|---|---|---|---|
| 001 | RU\NLR\bibl\66937 | ||
| 005 | 20260406113524.0 | ||
| 021 |
_aRU _b1999-30305 _91478 |
||
| 035 | _a(NLR Aleph) 000065300 | ||
| 090 |
_a357646 _c357646 |
||
| 100 | _a20000124d1999 |||y0rusy50 ca | ||
| 101 | 0 | _arus | |
| 102 | _aRU | ||
| 105 | _ak ||||||||| | ||
| 200 | 1 |
_aСборник руководящих и инструктивных документов по карантину растений в Российской Федерации _fМ-во сел. хоз-ва и продовольствия Рос. Федерации, Гос. инспекция по карантину растений Рос. Федерации _g[Под общ. ред. к.э.н. Васютина А.С. _gСост. - Орлинский П.Д.] |
|
| 210 |
_aМ _cАстра семь _d1999 |
||
| 215 |
_a[1], 395 с. _d22 |
||
| 606 | 0 |
_aКарантин сельскохозяйственных растений _jНормативные и руководящие материалы _yРоссия _91255833 _3RU\NLR\auth\66514789 |
|
| 606 | 0 |
_aСельскохозяйственные растения _jНормативные документы _xКарантин _yРоссийская Федерация _92146692 _3RU\NLR\auth\661293247 |
|
| 686 | _aП415.1б | ||
| 702 | 1 |
_aВасютин _bА. С. _4340 |
|
| 702 | 1 |
_aОрлинский _bП. Д. _4220 |
|
| 712 | 0 | 1 |
_4570 _aРоссийская Федерация _bГос. инспекция по карантину растений _3RU\NLR\AUTH\889537 _9291527 |
| 801 | 0 |
_aRU _bNLR _c20000124 _gPSBO |
|
| 801 | 1 |
_aRU _bNLR _c20000124 |
|
| 942 | _cBOOK | ||
| 980 | _aNB | ||